<?xml version="1.0" encoding="UTF-8"?>
<record
    xmlns:xsi="http://www.w3.org/2001/XMLSchema-instance"
    xsi:schemaLocation="http://www.loc.gov/MARC21/slim http://www.loc.gov/standards/marcxml/schema/MARC21slim.xsd"
    xmlns="http://www.loc.gov/MARC21/slim">

  <leader>01792    a2200229   4500</leader>
  <controlfield tag="003">Nust</controlfield>
  <controlfield tag="005">20170207154048.0</controlfield>
  <datafield tag="010" ind1=" " ind2=" ">
    <subfield code="a">  2008035467</subfield>
  </datafield>
  <datafield tag="020" ind1=" " ind2=" ">
    <subfield code="a">9780470277744 (paper/website)</subfield>
  </datafield>
  <datafield tag="040" ind1=" " ind2=" ">
    <subfield code="c">Nust</subfield>
  </datafield>
  <datafield tag="082" ind1="0" ind2="0">
    <subfield code="a">005.7585</subfield>
  </datafield>
  <datafield tag="100" ind1="1" ind2=" ">
    <subfield code="a">MacLennan, Jamie.</subfield>
  </datafield>
  <datafield tag="245" ind1="1" ind2="0">
    <subfield code="a">Data mining with Microsoft SQL server 2008 -(E-BOOK)</subfield>
    <subfield code="c">Jamie MacLennan, ZhaoHui Tang, Bogdan Crivat.</subfield>
  </datafield>
  <datafield tag="260" ind1=" " ind2=" ">
    <subfield code="a">Indianapolis, IN :</subfield>
    <subfield code="b">Wiley Pub.,</subfield>
    <subfield code="c">2009.</subfield>
  </datafield>
  <datafield tag="300" ind1=" " ind2=" ">
    <subfield code="a">636 p. ;</subfield>
    <subfield code="c">24 cm.</subfield>
  </datafield>
  <datafield tag="505" ind1=" " ind2=" ">
    <subfield code="a">Introduction (Page-xxxi),Chapter 1 Introduction to Data Mining in SQL Server 2008 (Page-1),Chapter 2 Applied Data Mining Using Microsoft Excel 2007 (Page-15),Chapter 3 Data Mining Concepts and DMX (Page-83),Chapter 4 Using SQL Server Data Mining (Page-127), Chapter 5 Implementing a Data Mining Process Using Office 2007 (Page-187),Chapter 6 Microsoft Na&#xA8;&#x131;ve Bayes (Page-215),Chapter 7 Microsoft Decision Trees Algorithm (Page-235),Chapter 8 Microsoft Time Series Algorithm (Page-263),Chapter 9 Microsoft Clustering (Page-291),Chapter 10 Microsoft Sequence Clustering (Page-319),Chapter 11 Microsoft Association Rules (Page-343),Chapter 12 Microsoft Neural Network and Logistic Regression (Page-371),Chapter 13 Mining OLAP Cubes (Page-399),Chapter 14 Data Mining with SQL Server Integration Services (Page-439),Chapter 15 SQL Server Data Mining Architecture (Page-475),Chapter 16 Programming SQL Server Data Mining (Page-497),Chapter 17 Extending SQL Server Data Mining (Page-541),Chapter 18 Implementing a Web Cross-Selling Application0 (Page-563),Chapter 19 Conclusion and Additional Resources (Page-581).</subfield>
  </datafield>
  <datafield tag="650" ind1=" " ind2="0">
    <subfield code="a">Data mining.</subfield>
  </datafield>
  <datafield tag="651" ind1=" " ind2=" ">
    <subfield code="a">E-BOOK</subfield>
  </datafield>
  <datafield tag="700" ind1="1" ind2=" ">
    <subfield code="a">Crivat, Bogdan.</subfield>
  </datafield>
  <datafield tag="700" ind1="1" ind2=" ">
    <subfield code="a">Tang, Zhaohui.</subfield>
  </datafield>
  <datafield tag="856" ind1="4" ind2="1">
    <subfield code="3">Table of contents only</subfield>
    <subfield code="u">http://www.loc.gov/catdir/toc/ecip0825/2008035467.html</subfield>
  </datafield>
  <datafield tag="942" ind1=" " ind2=" ">
    <subfield code="2">ddc</subfield>
    <subfield code="c">BK</subfield>
  </datafield>
  <datafield tag="999" ind1=" " ind2=" ">
    <subfield code="c">192965</subfield>
    <subfield code="d">192965</subfield>
  </datafield>
  <datafield tag="952" ind1=" " ind2=" ">
    <subfield code="0">0</subfield>
    <subfield code="1">0</subfield>
    <subfield code="2">ddc</subfield>
    <subfield code="4">0</subfield>
    <subfield code="7">0</subfield>
    <subfield code="8">NFIC</subfield>
    <subfield code="a">MCS</subfield>
    <subfield code="b">MCS</subfield>
    <subfield code="d">2016-12-12</subfield>
    <subfield code="l">0</subfield>
    <subfield code="o">005.7585  MAC</subfield>
    <subfield code="p">MCSEB-2345</subfield>
    <subfield code="r">2016-12-08</subfield>
    <subfield code="w">2016-12-12</subfield>
    <subfield code="y">BK</subfield>
  </datafield>
</record>
